| 000 | 00557cam a2200193 a 4500 | ||
|---|---|---|---|
| 001 | 1505126 | ||
| 005 | 20240119010036.0 | ||
| 008 | 880630s1987 ii 000 0 eng | ||
| 020 | _a0140107843 | ||
| 040 |
_aDLC _cDLC _dDLC |
||
| 082 | 0 | 0 |
_a950 _220 _bVAR |
| 100 | 1 | _aVittachi, Varindra Tarzie, | |
| 245 | 1 | 4 |
_aThe brown sahib (revisited) / _cVarindra Tarzie Vittachi. |
| 250 | _a1st | ||
| 260 |
_aNew Delhi : _bPenguin Books ; _aNew York, N.Y., U.S.A. : _bViking Penguin, _c1987. |
||
| 300 | _a150 p. ; | ||
| 500 | _aSequel to: The brown sahib. | ||
| 942 | _cL | ||
| 999 |
_c184 _d184 |
||